L'Àgora digital : Internet al servei de la participació democràtica / Isidre Canals i Josep Lluís Martí (coords.) Internet al servei de la participació democràtica / Isidre Canals i Josep Lluís Martí (coords.)
ISBN:
84-8334-496-3
Descripción Física:
183 p. ; 21 cm
Colección:
La Democràcia dels Ciutadans ; 2
MARC
| LEADER | 00000nam a2200000Ia 4500 | ||
|---|---|---|---|
| 001 | 18815 | ||
| 008 | 160829s2003 xx 000 0 cat d | ||
| 020 | |a 84-8334-496-3 | ||
| 080 | |a M-5-402 | ||
| 245 | |a L'Àgora digital : |b Internet al servei de la participació democràtica / Isidre Canals i Josep Lluís Martí (coords.) | ||
| 260 | |a Barcelona : |b Mediterrània : |b Fundació Catalunya Segle XXI, |c 2003 | ||
| 300 | |a 183 p. ; |c 21 cm | ||
| 490 | |a La Democràcia dels Ciutadans ; 2 | ||
| 590 | |a Bibliografia. | ||
| 590 | |a Amb el suport de la Diputació de Barcelona | ||
| 650 | |a Participació política |9 19716 | ||
| 650 | |a Internet |x Aspectes polítics |9 44111 | ||
| 650 | 0 | |a Democràcia |9 27773 | |
| 650 | 0 | |a Administració electrònica |9 44113 | |
| 700 | |a Canals, Isidre, coord. |9 44114 | ||
| 700 | |a Martí Màrmol, Josep Lluís, coord. |9 44115 | ||
| 901 | |a Arxiu | ||
| 942 | |n 1 | ||
| 952 | |0 0 |1 0 |4 0 |6 M5402 |7 1 |9 51800 |a Arxiu |b Arxiu |d 2016-12-01 |l 0 |o M-5-402 |p 18815 |r 2016-12-01 00:00:00 |w 2016-12-01 |y ARXIU | ||
| 999 | |c 55646 |d 55646 | ||